000 01819nka a2200337 i 4500
001 102926
003 ES-MaACL
005 20250823041121.0
007 t|
008 051220e1876 sp f | |r||1c|spa d
100 1 _aMartínez Aparici, Domingo,
_d1822-1898
_edrm
_eegr
_977862
245 1 0 _aSanta Isabel Reina de Ungria
_h[Material gráfico] /
_cB. Murillo lo pintó ; D. Martínez Parisi lo Dº y Gº 1876
246 1 _aSanta Isabel, reina de Hungría
260 _a[S.l. :
_bs.n.,
_c1876]
300 _a1 estampa :
_bgrabado calcográfico ;
_c661 x 514 mm
490 1 _aColección facticia de grabados ;
_v7
_9184692
500 _aInscripción: "Santa Isabel Reina de Ungria"
520 _a"Santa Isabel de Hungría curando a los tiñosos" es un cuadro realizado en 1672 por Murillo, por encargo de Miguel de Mañara, para la decoración de la iglesia de San Jorge del Hospital de la Hermandad de la Caridad de Sevilla, en él representa a santa Isabel de Hungría, ayudada por unas damas, mientras vierte agua sobre la cabeza de un niño que se encuentra afectado de tiña cápitis, enfermedad del cuero cabelludo producida por hongos dermatofitos
530 _aDisponible en formato digital
600 0 4 _aIsabel de Hungría,
_cSanta,
_d1207-1231
_965522
650 7 _aTiña
_2embne
_9170408
655 7 _aGrabados calcográficos
_2tgfbne
_9241761
655 7 _aGrabados
_2tgfbne
_9226846
655 4 _aReproducciones de obras de arte
_9241931
700 1 _aMurillo, Bartolomé Esteban,
_d1617-1682
_eart
_984581
830 0 _aColección facticia de grabados ;
_v7
_9184692
852 4 _aES-MaACL
_cDEPO2
_jGF-2(7)
856 4 _uhttps://patrimoniodigital.ucm.es/s/patrimonio/item/1534091
_yVersión en línea
_z(Patrimonio Digital Complutense)
942 _2udc
_cDIBGRB
_n0
999 _c102926
_d102926